Normal view
MARC view
- Trent, D. D.
Entry Personal Name
001 - CONTROL NUMBER
- control field: 2081
003 - CONTROL NUMBER IDENTIFIER
- control field: NUST
005 - DATE AND TIME OF LATEST TRANSACTION
- control field: 20170606125214.0
008 - FIXED-LENGTH DATA ELEMENTS
- fixed length control field: 170606|| aca||aabn | a|a d
040 ## - CATALOGING SOURCE
- Original cataloging agency: NUST
- Transcribing agency: NUST
100 ## - HEADING--PERSONAL NAME
- Personal name: Trent, D. D.
670 ## - SOURCE DATA FOUND
- Source citation: Work cat.: (NUST)0: Pipkin, Bernard W. 2079, Geology and the environment /, c2001.
